Design and construction of a tethered. Floating radio-tag assembly for manatees (Registro nro. 9716)

Detalles MARC
000 -CABECERA
Campo de control 006070000a22001930004500
090 ## - CLASIFICACIÓN LOCAL
Colección AR
Consecutivo 00624
041 0# - IDIOMA
Código de idioma para texto/pista de sonido o título separado
100 1# - ASIENTO PRINCIPAL--NOMBRE PERSONAL
Nombre personal Rathbun, Galen B.
245 10 - MENCION DE TITULO
Título Design and construction of a tethered. Floating radio-tag assembly for manatees
650 14 - ASIENTO SECUNDARIO DE MATERIA - TERMINO TEMATICO
Término temático o nombre geográfico como elemento de entrada Mamíferos acuáticos
650 14 - ASIENTO SECUNDARIO DE MATERIA - TERMINO TEMATICO
Término temático o nombre geográfico como elemento de entrada Telemetría
650 14 - ASIENTO SECUNDARIO DE MATERIA - TERMINO TEMATICO
Término temático o nombre geográfico como elemento de entrada Radiotrasmisores
651 #4 - ASIENTO SECUNDARIO DE MATERIA - NOMBRE GEOGRAFICO
-- Florida
-- Estados Unidos
653 ## - TERMINO DE INDIZACION - NO CONTROLADO
-- Trichechus
-- Trichechus manatus
-- manatí
700 1# - ASIENTO SECUNDARIO - NOMBRE PERSONAL
Nombre personal Reid, James P.
700 1# - ASIENTO SECUNDARIO - NOMBRE PERSONAL
Nombre personal Bourassa, Jean B.
773 1# - Item fuente:
Título Preprint
Especificación de materiales 3
Paginas del Articulo 1-48
Lugar, editorial y fecha de publicación 1985?
942 ## - ELEMENTOS ADICIONALES (KOHA)
Tipo de ítem Artículo
Existencias
Withdrawn status Lost status Damaged status No para préstamo Colección Ubicación Permanente Ubicación actual Fecha de adquisición Fuente de Valor Datos de publicación Seriada Total Checkouts Número topográfico Inventario / Código de Barras Date last seen Ejemplar Price effective from Forma de adquisición Tipo de material
      No para Préstamo Hemeroteca Bogotá Bogotá 27/02/2015 Muñoz Saba, Yaneth Fuera de circulación   AR 00624 010940 25/03/2015 1 25/03/2015   Artículo